Normal view
MARC view
- Beken, André van der.
Entry Personal Name
001 - CONTROL NUMBER
- control field: 6310
003 - CONTROL NUMBER IDENTIFIER
- control field: NUST
005 - DATE AND TIME OF LATEST TRANSACTION
- control field: 20171113123031.0
008 - FIXED-LENGTH DATA ELEMENTS
- fixed length control field: 171113|| aca||aabn | a|a d
040 ## - CATALOGING SOURCE
- Original cataloging agency: NUST
- Transcribing agency: NUST
100 ## - HEADING--PERSONAL NAME
- Personal name: Beken, André van der.
670 ## - SOURCE DATA FOUND
- Source citation: Work cat.: (NUST)0: Hydrological and limnological aspects of lake monitoring /, c2000.
